00386nam a2200157Ia 4500008004100000020001800041082001800059100001700077245003200094250000600126260002500132300001000157500002500167650001400192700002200206230524s9999 xx 000 0 und d a9780070151345 a670.0042bZED aIbrahim Zeid 0aCAD/CAM Theory and Practice a2 aNew DelhibMGHc2009 a805p; aQuantity Number: 50 aMechanics aR Sivasubramanian